| 000 | 00623nam a2200229Ia 4500 | ||
|---|---|---|---|
| 003 | OSt | ||
| 005 | 20221007075205.0 | ||
| 006 | a|||||r|||| 00| 0 | ||
| 007 | ta | ||
| 008 | 221006b |||||||| |||| 00| 0 eng d | ||
| 024 | _a15,029 | ||
| 037 | _cTextual | ||
| 040 |
_aFLL _cFLL _beng |
||
| 041 |
_2eng _aeng |
||
| 082 | _aX:958:Z2, M6 | ||
| 100 |
_aGupta N.H. Au. _9693619 |
||
| 245 | 0 | _aSocial security legislation for labour in India | |
| 260 |
_aNew Delhi _bDeep & Deep Pub. India _c1986 |
||
| 300 |
_a384p _ccm. |
||
| 942 |
_hX:958:Z2, M6 _cTEXL _2CC |
||
| 999 |
_c1155138 _d1155138 |
||